000 00599nam a22001937a 4500
005 20251108175014.0
008 250721s2011 xx 000 0 ara d
082 1 4 _aق/خزا
100 1 _aالخزاعلة، ياسر طالب
245 1 0 _aفانتازيا الروح: قصص قصيرة وأشعار مختارة /
264 1 _aعمان :
_bالمؤلف،
_c2011.
300 _a169ص.
650 1 7 _aالادب العربي
650 1 7 _aالقصص القصيرة
650 1 7 _aالشعر العربي
700 1 _aالخزاعلة، شكران
942 _2ddc
_cBK
999 _c123733
_d123733